000 00652nam a2200193 i 4500
001 9158
003 ES-MaACL
005 20230906145622.0
007 t|
008 930520s1985 uy |||| | spa d
080 _a86.0(899).09"18/19"
100 1 _aSeluja Cecín, Antonio.
_9105348
245 1 0 _aNuestros clásicos
_b: de Bartolomé Hidalgo a Ernesto Herrera /
_cAntonio Seluja Cecín.
260 _aMontevideo :
_b[s.n.],
_c1985 (
_fMatonte)
300 _a202 p. ;
_c21 cm.
500 _aBibliografía: p. 193-202.
650 1 4 _aLiteratura uruguaya-
_xHistoria y crítica.
_914669
852 _aES-MaACL
_jL-16586
_z. - Dedicatoria autógrafa del autor
999 _c9158
_d9158